<?xml version="1.0" encoding="UTF-8"?>
<record
    xmlns:xsi="http://www.w3.org/2001/XMLSchema-instance"
    xsi:schemaLocation="http://www.loc.gov/MARC21/slim http://www.loc.gov/standards/marcxml/schema/MARC21slim.xsd"
    xmlns="http://www.loc.gov/MARC21/slim">

  <leader>01389nam a22002657a 4500</leader>
  <controlfield tag="005">20170124103107.0</controlfield>
  <datafield tag="010" ind1=" " ind2=" ">
    <subfield code="a">A-470405</subfield>
  </datafield>
  <datafield tag="020" ind1=" " ind2=" ">
    <subfield code="c">180.00</subfield>
    <subfield code="a">8170541204</subfield>
  </datafield>
  <datafield tag="035" ind1=" " ind2=" ">
    <subfield code="a">A-470405</subfield>
  </datafield>
  <datafield tag="037" ind1=" " ind2=" ">
    <subfield code="b">Cen Lib/Ret</subfield>
  </datafield>
  <datafield tag="040" ind1=" " ind2=" ">
    <subfield code="a">DPL</subfield>
    <subfield code="b">HN</subfield>
  </datafield>
  <datafield tag="082" ind1=" " ind2=" ">
    <subfield code="a">230.1</subfield>
    <subfield code="b">&#x92E;&#x93F;&#x936;&#x94D;&#x930;&#x906;</subfield>
  </datafield>
  <datafield tag="100" ind1=" " ind2=" ">
    <subfield code="a">&#x92E;&#x93F;&#x936;&#x94D;&#x930;, &#x906;&#x930;.&#x92A;&#x940;.</subfield>
    <subfield code="9">78721</subfield>
  </datafield>
  <datafield tag="245" ind1=" " ind2=" ">
    <subfield code="a">&#x92D;&#x917;&#x935;&#x926;&#x94D;&#x917;&#x940;&#x924;&#x93E; &#x92E;&#x947;&#x902; &#x938;&#x94D;&#x925;&#x93F;&#x924;&#x92A;&#x94D;&#x930;&#x91C;&#x94D;&#x91E;&#x924;&#x93E; &#x915;&#x947; &#x906;&#x926;&#x930;&#x94D;&#x936; :</subfield>
    <subfield code="c">&#x906;&#x930;.&#x92A;&#x940;.&#x92E;&#x93F;&#x936;&#x94D;&#x930;</subfield>
    <subfield code="b">&#x938;&#x92E;&#x915;&#x93E;&#x932;&#x940;&#x928; &#x938;&#x902;&#x926;&#x930;&#x94D;&#x92D; &#x92E;&#x947;&#x902; &#x935;&#x93F;&#x935;&#x947;&#x91A;&#x928; &#x90F;&#x935;&#x902; &#x92E;&#x942;&#x932;&#x94D;&#x92F;&#x93E;&#x902;&#x915;&#x928; /</subfield>
  </datafield>
  <datafield tag="246" ind1=" " ind2=" ">
    <subfield code="a">Bhagwadgeeta me sthitpragyta ka aadarsh : samkalin sandarbh me vivechan ewam moolyankan /</subfield>
    <subfield code="b">by R.P.Mishra </subfield>
  </datafield>
  <datafield tag="260" ind1=" " ind2=" ">
    <subfield code="a">&#x928;&#x908; &#x926;&#x93F;&#x932;&#x94D;&#x932;&#x940; </subfield>
    <subfield code="b">&#x915;&#x94D;&#x932;&#x93E;&#x938;&#x93F;&#x915;&#x932; &#x92A;&#x92C;&#x94D;&#x932;&#x93F;&#x936;&#x93F;&#x902;&#x917; &#x915;&#x92E;&#x94D;&#x92A;&#x928;&#x940; </subfield>
    <subfield code="c">1990</subfield>
  </datafield>
  <datafield tag="270" ind1=" " ind2=" ">
    <subfield code="a">28, &#x936;&#x949;&#x92A;&#x93F;&#x902;&#x917; &#x938;&#x947;&#x902;&#x91F;&#x930;, &#x915;&#x930;&#x92E;&#x92A;&#x941;&#x930;&#x93E; </subfield>
    <subfield code="b">&#x928;&#x908; &#x926;&#x93F;&#x932;&#x94D;&#x932;&#x940; </subfield>
    <subfield code="e">110015</subfield>
  </datafield>
  <datafield tag="300" ind1=" " ind2=" ">
    <subfield code="a">180&#x92A;&#x943;. </subfield>
    <subfield code="c">21&#x938;&#x947;&#x92E;&#x940;(&#x938;&#x91C;&#x93F;&#x932;&#x94D;&#x926;)</subfield>
  </datafield>
  <datafield tag="500" ind1=" " ind2=" ">
    <subfield code="a">&#x938;&#x902;&#x926;&#x930;&#x94D;&#x92D; &#x936;&#x93E;&#x92E;&#x93F;&#x932; </subfield>
  </datafield>
  <datafield tag="650" ind1=" " ind2=" ">
    <subfield code="a">&#x939;&#x93F;&#x928;&#x94D;&#x926;&#x942; &#x927;&#x930;&#x94D;&#x92E; </subfield>
    <subfield code="9">1413</subfield>
  </datafield>
  <datafield tag="650" ind1=" " ind2=" ">
    <subfield code="a">&#x92D;&#x917;&#x935;&#x926;&#x94D;&#x917;&#x940;&#x924;&#x93E; -- &#x938;&#x92E;&#x915;&#x93E;&#x932;&#x940;&#x928; &#x926;&#x943;&#x937;&#x94D;&#x91F;&#x93F;&#x92F;&#x93E;&#x901; </subfield>
    <subfield code="9">78722</subfield>
  </datafield>
  <datafield tag="650" ind1=" " ind2=" ">
    <subfield code="a">Hindu religion</subfield>
    <subfield code="9">78723</subfield>
  </datafield>
  <datafield tag="650" ind1=" " ind2=" ">
    <subfield code="a">Bhagavad Gita - contemporary dimension</subfield>
    <subfield code="9">78724</subfield>
  </datafield>
  <datafield tag="942" ind1=" " ind2=" ">
    <subfield code="2">ddc</subfield>
    <subfield code="c">HN</subfield>
    <subfield code="h">230.1</subfield>
    <subfield code="m">&#x92E;&#x93F;&#x936;&#x94D;&#x930;&#x906;</subfield>
  </datafield>
  <datafield tag="999" ind1=" " ind2=" ">
    <subfield code="c">118180</subfield>
    <subfield code="d">118180</subfield>
  </datafield>
  <datafield tag="952" ind1=" " ind2=" ">
    <subfield code="0">4</subfield>
    <subfield code="1">0</subfield>
    <subfield code="4">0</subfield>
    <subfield code="7">0</subfield>
    <subfield code="a">L</subfield>
    <subfield code="b">L</subfield>
    <subfield code="d">2015-09-10</subfield>
    <subfield code="e">Cen Lib/Ret</subfield>
    <subfield code="g">180.00</subfield>
    <subfield code="l">0</subfield>
    <subfield code="o">230.1 &#x92E;&#x93F;&#x936;&#x94D;&#x930;&#x906;</subfield>
    <subfield code="p">A-470405</subfield>
    <subfield code="r">2015-09-10 00:00:00</subfield>
    <subfield code="t">1</subfield>
    <subfield code="v">180.00</subfield>
    <subfield code="w">2015-09-10</subfield>
    <subfield code="y">HN</subfield>
    <subfield code="z">W/d List no-9004/2</subfield>
  </datafield>
</record>
